Les institutions politiques de la France

Gardado en:
Detalles Bibliográficos
Autor Principal: Fonteneau, Jean (Author)
Formato: Libro
Idioma:francés
Publicado: París Les Editions Ouvrières 1978
Subjects:
Tags: Engadir etiqueta
Sen Etiquetas, Sexa o primeiro en etiquetar este rexistro!

MARC

LEADER 00000nam a2200000 a 4500
001 UCT6218
003 CL-VaPUC
008 970106e19780000FR |||||||||||||||||fre|d
082 0 4 |a 320.44  |b FON  |2 21 
100 0 |a Fonteneau, Jean  |e author  |9 376131 
245 1 4 |a Les institutions politiques de la France 
300 |a 107 p 
942 |c BK 
945 |d 19970106 00:00:00  |a paguirre 
260 |a París  |b Les Editions Ouvrières  |c 1978 
650 0 |a Política  |9 255312 
650 0 |a Instituciones políticas  |9 255506 
650 0 |a Gobierno   |9 255508 
650 0 |a Autoridades ejecutivas  |9 376132 
650 0 |a Poder legislativo  |9 258808 
650 0 |a Poder judicial  |9 254871 
650 0 |a Poder ejecutivo  |9 255177 
651 0 |a Francia  |9 255157 
583 |a last modification  |c 19970106 00:00:00  |k Rodrigo Vera 
999 |c 254934  |d 254932 
952 |0 0  |1 0  |4 0  |6 320_440000000000000_FON_1978  |7 0  |8 A  |9 276919  |a BIBDER  |b BIBDER  |d 2019-11-19  |i 1800604  |o 320.44 FON 1978  |p 1800604  |r 2023-01-25  |w 2019-11-19  |y BK  |k DER